000 00705nam a2200217Ia 4500
001 3317
003 GE_BSU
008 181216s||||||||xx |||||||||||||| ||und||
040 _cGE_BSU
080 _a621.315.592
100 _aМедведев,С.А.
245 _aВведение в технологию полупроводниковых материалов.
245 _bУчебное пособие.
245 _cРед. Л.А.Романова.
260 _aМ.
260 _bВысш. школа.
260 _c1970.
300 _a504 стр. с илл. 22 см.
653 _aВведение в технологию полупроводниковых материалов.
942 _cBK
999 _c37358
_d37358